Pokémon avec le plus petit IMC - Statistiques

Statistiques générales
  • Ce quiz a été pris 27 fois
  • Le résultat moyen est 9 sur 20
Statistiques - réponses
IMC Type de quiz Pokémon % Correct
0,1 Spectre-Poison F{antôminus}
96%
0,0 Spectre-Poison S{pectrum}
84%
1,0 Dragon D{raco}
72%
1,7 Poison A{bo}
64%
1,9 Eau W{ailord}
60%
1,0 Dragon M{inidraco}
56%
1,9 Insecte-Spectre M{unja}
52%
2,0 Spectre F{euforêve}
48%
2,0 Spectre-Fée F{lotte}-{Mèche}
48%
1,1 Plante-Acier K{atagami}
48%
2,0 Feu-Insecte G{rillepattes}
44%
1,6 Sol D{unaja}
40%
0,4 Spectre C{orayôme}
36%
1,4 Spectre C{orayon} {de} {Galar}
36%
1,8 Poison-Fée S{mogogo} {de} {Galar}
36%
1,7 Plante-Spectre V{irovent}
36%
1,2 Eau F{roussardine} {(forme} {Banc)}
28%
1,2 Psy-Fée S{orcilence}
28%
1,5 Eau O{yacata}
20%
1,3 Eau T{aupiqueau}
4%
Aucun quiz correspondant
Distribution des résultats
% des personnes avec chaque résultat
Percentile par nombre de réponses
Votre historique - résultats
Vous n’avez pas pris ce quiz